000 01105nam a22002657a 4500
005 20240530110429.0
008 150329s2010 ua ak f 000 0 ara d
017 _a2010/7470
_bمصر . دار الكتب المصرية
020 _a9789774555577
040 _aEG-CaGPL
082 0 4 _221
_a658.315\
_bك ح
100 1 _aكاى ، بيفرلى
245 1 0 _aحب موظفيك او اخسر موظفيك /
_cتاليف بيفرلى كاى ، شارون جوردن ايفانز ؛ ترجمة قسم الترجمة بدار الفاروق
250 _aط1
260 _aاالقاهرة :
_bدار الفاروق للاستثمارات الثقافية ،
_c2010
300 _a320 ص :
_bايض ؛
_c24 سم.
650 0 4 _aالموظفون
650 0 4 _aالموظفون
_xاخلاقيات
650 0 4 _aتحليل الوظائف
650 0 4 _aالموظفون
_xتعيينات
700 1 _aايفانز ، شارون جوردن
_eمؤلف مشارف
710 0 _aقسم الترجمة بدار الفاروق
_eمترجم
942 _2ddc
_cBK
999 _c60808
_d60808